Behaviour of natural rubber and GR-S under repeated stress cycles (Record no. 54689)

MARC details
000 -LEADER
fixed length control field 00326nam a2200121Ia 4500
100 ## - MAIN ENTRY--AUTHOR NAME
Personal name Parkinson D
245 #0 - TITLE STATEMENT
Title Behaviour of natural rubber and GR-S under repeated stress cycles
260 ## - PUBLICATION, DISTRIBUTION, ETC. (IMPRINT)
Name of publisher IRI Transactions
Year of publication 1945
300 ## - PHYSICAL DESCRIPTION
Number of Pages 67-77
700 ## - ADDED ENTRY--PERSONAL NAME
Personal name Bloxham J L
942 ## - ADDED ENTRY ELEMENTS (KOHA)
Koha item type Journals
Holdings
Withdrawn status Lost status Damaged status Not for loan Home library Current library Shelving location Date acquired Serial Enumeration / chronology Koha item type
      Journals RRII Library RRII Library Rubber chemistry 17/12/2021 Volume 21, Issue 2 Journals